ਤੇਰਾ ਏਕੁ ਨਾਮੁ ਤਾਰੇ ਸੰਸਾਰੁ / (Record no. 110990)

MARC details
000 -LEADER
fixed length control field 00939nam a22002417a 4500
010 ## - LIBRARY OF CONGRESS CONTROL NUMBER
LC control number B-264152
020 ## - INTERNATIONAL STANDARD BOOK NUMBER
International Standard Book Number 81877641279
Terms of availability 350.00
035 ## - SYSTEM CONTROL NUMBER
System control number B-264152
037 ## - SOURCE OF ACQUISITION
Stock number Cen Lib / Ret
040 ## - CATALOGING SOURCE
Original cataloging agency DPL
Language of cataloging PN
082 ## - DEWEY DECIMAL CLASSIFICATION NUMBER
Edition number 250
Classification number ਮਰਵਾ
100 ## - MAIN ENTRY--PERSONAL NAME
Personal name ਮਰਵਾਹ, ਜਸਵੰਤ ਸਿੰਘ
9 (RLIN) 141551
245 ## - TITLE STATEMENT
Title ਤੇਰਾ ਏਕੁ ਨਾਮੁ ਤਾਰੇ ਸੰਸਾਰੁ /
Statement of responsibility, etc ਜਸਵੰਤ ਸਿੰਘ ਮਰਵਾਹ
246 ## - VARYING FORM OF TITLE
Title proper/short title Tera ek naam taare sansar /
Remainder of title by Jaswant Singh Marwah
260 ## - PUBLICATION, DISTRIBUTION, ETC. (IMPRINT)
Place of publication, distribution, etc ਦਿੱਲੀ
Name of publisher, distributor, etc ਐੱਚ ਕੇ. ਪ੍ਰਕਾਸ਼ਨ
Date of publication, distribution, etc 2007
270 ## - ADDRESS
Address 16/16 ਗੀਤਾ ਕਾਲੋਨੀ
City ਦਿੱਲੀ
Postal code 110031
300 ## - PHYSICAL DESCRIPTION
Extent 286p
Other physical details 24cm
650 ## - SUBJECT ADDED ENTRY--TOPICAL TERM
Topical term or geographic name as entry element ਸਿੱਖ ਧਰਮ.
9 (RLIN) 1488
650 ## - SUBJECT ADDED ENTRY--TOPICAL TERM
Topical term or geographic name as entry element Sikhism.
9 (RLIN) 3669
650 ## - SUBJECT ADDED ENTRY--TOPICAL TERM
Topical term or geographic name as entry element ਸਿੱਖ ਫ਼ਲਸਫ਼ੇ.
9 (RLIN) 141552
650 ## - SUBJECT ADDED ENTRY--TOPICAL TERM
Topical term or geographic name as entry element Sikh philosophy.
9 (RLIN) 12954
942 ## - ADDED ENTRY ELEMENTS (KOHA)
Source of classification or shelving scheme Dewey Decimal Classification
Koha item type Punjabi Bks
Classification part 250
Call number suffix ਮਰਵਾ
Holdings
Withdrawn status Lost status Damaged status Not for loan Home library Current library Date acquired Source of acquisition Cost, normal purchase price Total Checkouts Full call number Barcode Date last seen Copy number Cost, replacement price Price effective from Koha item type
        Central Library Central Library 10/02/2016 Cen Lib/Ret 350.00   250 ਮਾਰਵਾ B-264152 10/02/2016 1 350.00 10/02/2016 Punjabi Bks

© Delhi Public Library
Hit Counter
free hit counter